000 00689nam a2200253Ia 4500
003 OSt
005 20221006142909.0
006 a|||||r|||| 00| 0
007 ta
008 221006b |||||||| |||| 00| 0 eng d
020 _a9780485114614
_cP28.00
024 _a7,481
037 _cTextual
040 _aEASL
_cEASL
_beng
041 _2eng
_aeng
082 _aV42:195.N95, N6
100 _aCONTE-HELM Marie
_9648690
245 0 _aJapanese and Europe
_b Economic and cultural encounters
260 _aLondon
_bAthlone
_c1996
300 _a148p.
_ccm.
490 _v JEL
942 _hV42:195.N95, N6
_cTEXL
_2CC
999 _c1075567
_d1075567